Sessualità e vita amorosa

में बचाया:
ग्रंथसूची विवरण
मुख्य लेखक: Freud, Sigmund
स्वरूप: पुस्तक
भाषा:अज्ञात या अवैध भाषा
प्रकाशित: Roma Newton Compton 1997
टैग: टैग जोड़ें
कोई टैग नहीं, इस रिकॉर्ड को टैग करने वाले पहले व्यक्ति बनें!

MARC

LEADER 00000nam a2200000Ia 4500
005 20231107140204.0
008 231031s9999 xx 000 0 und d
020 |a 887983553X 
040 |c C 
082 |a 306.709 
100 |a Freud, Sigmund 
245 0 |a Sessualità e vita amorosa 
260 |a Roma  |b Newton Compton  |c 1997 
942 |2 ddc  |c BK 
952 |0 0  |1 0  |2 ddc  |4 0  |6 152_000000000000000_FRE_SES  |7 1  |9 9  |a GE  |b GE  |d 2015-03-08  |l 0  |o 152 FRE SES  |p 2181  |r 2023-10-31 14:33:43  |w 2023-10-31  |y BK 
999 |c 7  |d 7